| 000 | 00718nam a22002057a 4500 | ||
|---|---|---|---|
| 999 |
_c11675 _d11675 |
||
| 003 | AR-CdUCM | ||
| 008 | 190404b ||||| |||| 00| 0 spa d | ||
| 040 |
_aMUNICIPALIDAD PROVINCIAL DEL CUSCO _cBIBLIOTECA MUNICIPAL DEL CUSCO |
||
| 082 |
_a869.56 / _bL23 / 1948 |
||
| 100 |
_aLaña Santillana, Pilar _929157 |
||
| 245 |
_aEn el valle de Huanchar : _bnovela / |
||
| 260 |
_aLima : _bEditora Médica Peruana, _c1948. |
||
| 300 |
_a297 páginas ; _c20 cm. |
||
| 505 | _aContenido: Siembra -- EL viaje -- "Taita Apolonio" ah muerto -- El ausente -- El entierro... | ||
| 650 |
_aNovelas peruanas _9545 |
||
| 650 |
_aSiglo XX _98 |
||
| 650 |
_aLibros peruanos _94203 |
||
| 942 |
_2ddc _cLIBROS |
||
| 945 |
_adavv _d04/04/2019 |
||